00427nam a22001457a 450000500170000000800410001704000070005804100120006508200220007710000240009924500800012326000370020365000150024070000260025520230713095034.0230713b ||||| |||| 00| 0 eng d cAL aEnglish 223a820.954bGREB aAllen J Greenberger aBritish image of India : A Study in the Literature of imperiatism 1880-1960 aCalcuttabGreen and Co Ltdc1927 aLiterature aGREENBERGER (Allen J)